000 00364nam a22000977a 4500
100 _aकुमार, अशोक
_952111
245 _aभारत की आतंरिक सुरक्षा की मुख्‍य चुनौतियां
260 _aChennai
_bMc Graw Hill
_c2020
650 _aसेनिक विज्ञान
_966695
942 _cBK
999 _c63332
_d63332